[Event "ch-ESP Women 2015"]
[Site "Linares ESP"]
[Date "2015.08.15"]
[Round "1.1"]
[White "Olivares Romero, Sara"]
[Black "Vega Gutierrez, Sabrina"]
[Result "0-1"]
[BlackTitle "IM"]
[WhiteElo "2090"]
[BlackElo "2381"]
[WhiteFideId "2241048"]
[BlackFideId "2219026"]
[EventDate "2015.08.15"]

1. e4 d6 2. d4 Nf6 3. Nc3 e5 4. Nge2 c6 5. f3 Be7 6. Be3 O-O 7. Qd2 Nbd7 8. g4
Nb6 9. Ng3 exd4 10. Bxd4 c5 11. Be3 d5 12. g5 d4 13. gxf6 Bxf6 14. Nh5 Bh4+ 15.
Ng3 dxe3 16. Qxe3 f5 17. exf5 Bxf5 18. Ne4 Bxe4 19. fxe4 Bg5 20. Qe2 Qd4 21. c3
Qe5 22. Bg2 Rad8 23. Rd1 Rxd1+ 24. Qxd1 Rd8 25. Qf3 Bd2+ 26. Ke2 Qe6 27. Qh5 Nd5
28. Rf1 Nf4+ 29. Rxf4 Bxf4 30. Qxc5 Qg4+ 31. Kf2 Rd2+ 32. Kg1 h5 33. Qxh5 Be3+
34. Kh1 Rd1+ 0-1

[Event "ch-ESP Women 2015"]
[Site "Linares ESP"]
[Date "2015.08.15"]
[Round "1.2"]
[White "Matnadze, Ana"]
[Black "Hernando Rodrigo, Inmaculada"]
[Result "1-0"]
[WhiteTitle "IM"]
[WhiteElo "2368"]
[BlackElo "1999"]
[WhiteFideId "13601377"]
[BlackFideId "2250772"]
[EventDate "2015.08.15"]

1. d4 Nf6 2. Nf3 c6 3. c4 d5 4. Qb3 dxc4 5. Qxc4 Qd5 6. Qxd5 cxd5 7. Nc3 e6 8.
Bf4 Bd7 9. e3 Be7 10. Bd3 O-O 11. Ke2 Nc6 12. a3 a6 13. Nd2 Rac8 14. Nb3 Nh5 15.
Bg3 f5 16. f4 Nf6 17. Bh4 Nd8 18. h3 Rf7 19. g4 Ne4 20. Bxe4 dxe4 21. Bxe7 Rxe7
22. Rac1 b6 23. d5 Nb7 24. Nd4 Nc5 25. gxf5 exf5 26. d6 Ree8 27. Nd5 Nd3 28.
Rxc8 Bxc8 29. Nxb6 Nxb2 30. Rc1 Kh8 31. Ra1 1-0

[Event "ch-ESP Women 2015"]
[Site "Linares ESP"]
[Date "2015.08.15"]
[Round "1.3"]
[White "Riera Morilla, Elizabeth"]
[Black "Collazo Hidalgo-Gato, Niala"]
[Result "0-1"]
[BlackTitle "WIM"]
[WhiteElo "1963"]
[BlackElo "2261"]
[WhiteFideId "2281813"]
[BlackFideId "3504476"]
[EventDate "2015.08.15"]

1. e4 c5 2. Nf3 Nc6 3. d4 cxd4 4. Nxd4 Qc7 5. Nb3 e6 6. Bd3 Nf6 7. O-O a6 8. a4
b6 9. Nc3 Bb7 10. f4 Nb4 11. e5 Nfd5 12. Ne4 Nxd3 13. cxd3 Rc8 14. a5 f5 15.
exf6 gxf6 16. Qh5+ Kd8 17. Rf2 Be7 18. f5 e5 19. Bh6 bxa5 20. Nxa5 Nb4 21. Nxb7+
Qxb7 22. Bg7 Nxd3 23. Nxf6 Qb6 24. Bxh8 Qxf2+ 25. Kh1 Qd4 26. h3 Rc2 27. Qe8+
Kc7 28. Ng4 Bd6 29. f6 Qf4 30. f7 e4 31. f8=Q Rc1+ 0-1

[Event "ch-ESP Women 2015"]
[Site "Linares ESP"]
[Date "2015.08.15"]
[Round "1.4"]
[White "Nicolas Zapata, Irene"]
[Black "Garcia Rodriguez, Sara"]
[Result "1/2-1/2"]
[WhiteTitle "WIM"]
[WhiteElo "2203"]
[BlackElo "1953"]
[WhiteFideId "22247270"]
[BlackFideId "2200384"]
[EventDate "2015.08.15"]

1. Nf3 Nf6 2. d4 g6 3. c4 Bg7 4. g3 O-O 5. Bg2 d6 6. O-O c5 7. Nc3 Nc6 8. d5 Na5
9. Qd3 e6 10. e4 exd5 11. cxd5 Re8 12. Bf4 Nh5 13. Bg5 Qc7 14. Nb5 Qb6 15. Nxd6
Qxd6 16. Qb5 Bd7 17. Qxa5 Rxe4 18. Nd2 Ra4 19. Ne4 Qe5 20. Qe1 Rxe4 21. Qxe4
Qxg5 22. Rac1 Bb5 23. Rfe1 Bd4 24. Qf3 Nf6 25. h3 Rd8 26. Qb3 Ba6 27. Rcd1 Nh5
28. h4 Qf5 29. Rd2 Nf6 30. Bf3 Nxd5 31. Be4 Qe6 32. Qd1 Re8 33. Kg2 Ne3+ 34.
Rxe3 Bxe3 35. Bd5 Qf5 36. fxe3 Rxe3 37. Rf2 Re2 38. Bxf7+ Qxf7 39. Rxe2 Bxe2 40.
Qxe2 b6 41. b3 Qd5+ 42. Kh2 Kf7 43. Qf2+ Qf5 44. Qe2 h6 45. Qa6 Qd7 46. Qc4+ Kg7
47. Qf4 Qe7 48. Qf3 Qf7 49. Qe3 Qf6 50. Qe8 Qf2+ 51. Kh1 Qf3+ 52. Kh2 Qf2+ 53.
Kh1 Qf3+ 1/2-1/2

[Event "ch-ESP Women 2015"]
[Site "Linares ESP"]
[Date "2015.08.16"]
[Round "2.1"]
[White "Vega Gutierrez, Sabrina"]
[Black "Perera Borrego, Mariela"]
[Result "1-0"]
[WhiteTitle "IM"]
[BlackTitle "WFM"]
[WhiteElo "2381"]
[BlackElo "2139"]
[WhiteFideId "2219026"]
[BlackFideId "22238255"]
[EventDate "2015.08.15"]

1. e4 d6 2. d4 Nf6 3. Nc3 e5 4. Nf3 Nbd7 5. Bc4 Be7 6. O-O O-O 7. Re1 c6 8. a4
a5 9. h3 Nb6 10. Ba2 Nfd7 11. dxe5 dxe5 12. Be3 Bf6 13. Qd6 Ra6 14. Red1 h6 15.
Nd2 Qe7 16. Nc4 Nxc4 17. Bxc4 Ra8 18. Rd2 Qxd6 19. Rxd6 Be7 20. Rd2 Re8 21. Rad1
Nf8 22. Ne2 Ne6 23. Ng3 Nf4 24. Nf5 Bf8 25. Nd6 Bxd6 26. Rxd6 Be6 27. Bf1 Nh5
28. Bb6 Nf6 29. f3 Kh7 30. Rd8 Raxd8 31. Rxd8 Re7 32. Bxa5 Nd7 33. Bc7 f6 34.
Bd6 Rf7 35. Re8 Ba2 36. b3 g5 37. Bc4 Rg7 38. Be6 Kg6 39. Rd8 Nb6 40. a5 Na4 41.
Bf5+ 1-0

[Event "ch-ESP Women 2015"]
[Site "Linares ESP"]
[Date "2015.08.16"]
[Round "2.2"]
[White "Vega Gutierrez, Belinda"]
[Black "Matnadze, Ana"]
[Result "0-1"]
[WhiteTitle "WIM"]
[BlackTitle "IM"]
[WhiteElo "2149"]
[BlackElo "2368"]
[WhiteFideId "2229994"]
[BlackFideId "13601377"]
[EventDate "2015.08.15"]

1. e4 c6 2. d4 g6 3. Nc3 Bg7 4. Bc4 b5 5. Bb3 b4 6. Qf3 Nf6 7. Nce2 d5 8. e5
Nfd7 9. h4 h5 10. e6 fxe6 11. Qg3 Nf8 12. Nf3 Nbd7 13. c3 bxc3 14. bxc3 Qa5 15.
Bc2 Ba6 16. Bxg6+ Kd8 17. Ng5 Kc8 18. Bd3 Bxd3 19. Qxd3 Rh6 20. Bd2 Qb5 21. Qc2
Rb8 22. Nf3 Rh8 23. Bf4 Qb2 24. Kd2 e5 25. Nxe5 Nxe5 26. Bxe5 Bxe5 27. dxe5 Nd7
28. f4 Rg8 29. g3 Nb6 30. Rhb1 Nc4+ 31. Kd3 Qxc2+ 32. Kxc2 Na3+ 33. Kc1 Nxb1 34.
Rxb1 Rxb1+ 35. Kxb1 Kd7 36. Kc2 e6 37. c4 dxc4 38. Kc3 c5 39. Kxc4 Kc6 40. f5
exf5 41. e6 Rg4+ 42. Nf4 Rxg3 43. Nxh5 Rg4+ 44. Kd3 Kd6 0-1

[Event "ch-ESP Women 2015"]
[Site "Linares ESP"]
[Date "2015.08.16"]
[Round "2.3"]
[White "Collazo Hidalgo-Gato, Niala"]
[Black "Acebal Muniz, Maria Concepcion"]
[Result "1-0"]
[WhiteTitle "WIM"]
[WhiteElo "2261"]
[BlackElo "1244"]
[WhiteFideId "3504476"]
[BlackFideId "2240491"]
[EventDate "2015.08.15"]

1. e4 e5 2. Nf3 Nc6 3. Bb5 a6 4. Ba4 Nf6 5. O-O Be7 6. Re1 b5 7. Bb3 O-O 8. d4
d6 9. c3 Na5 10. Bc2 c6 11. dxe5 dxe5 12. Qxd8 Bxd8 13. Nxe5 Bc7 14. Nf3 Nc4 15.
h3 Re8 16. Nbd2 Nxd2 17. Bxd2 Nd7 18. Rad1 Ne5 19. Nxe5 Bxe5 20. Be3 Be6 21. f4
Bc7 22. b3 Rad8 23. Kf2 Ba5 24. f5 Bc8 25. b4 Bc7 26. Kf3 Be5 27. Bd4 f6 28.
Bb3+ Kh8 29. g4 g6 30. fxg6 hxg6 31. Bf7 Rf8 32. Bxg6 Kg7 33. Bf5 Rh8 34. Bxe5
fxe5 35. Rxd8 Rxd8 36. h4 Rd3+ 37. Re3 Rxe3+ 38. Kxe3 Bb7 39. g5 c5 40. bxc5 Bc6
41. h5 Be8 42. h6+ Kg8 43. g6 a5 44. Be6+ Kh8 45. g7+ Kh7 46. g8=Q+ 1-0

[Event "ch-ESP Women 2015"]
[Site "Linares ESP"]
[Date "2015.08.16"]
[Round "2.4"]
[White "Collado Barbas, Laura"]
[Black "Hernandez Estevez, Yudania"]
[Result "0-1"]
[WhiteTitle "WFM"]
[BlackTitle "WIM"]
[WhiteElo "2137"]
[BlackElo "2163"]
[WhiteFideId "2294907"]
[BlackFideId "2219344"]
[EventDate "2015.08.15"]

1. d4 d5 2. c4 c6 3. Nf3 Nf6 4. e3 Bg4 5. Qb3 Qb6 6. Ne5 Bf5 7. Nd2 Nbd7 8. Ndf3
e6 9. Qxb6 axb6 10. Nxd7 Nxd7 11. Bd2 Bd6 12. Bc3 h6 13. a3 dxc4 14. Bxc4 b5 15.
Ba2 Ke7 16. O-O Nb6 17. Bb3 Na4 18. Bxa4 Rxa4 19. b4 b6 20. Nd2 Bd3 21. Rfe1
Rha8 22. Bb2 c5 23. dxc5 bxc5 24. bxc5 Bxc5 25. Bxg7 Bxa3 26. Bc3 Bd6 27. Nb3 b4
28. Bd4 Bc2 29. Rxa4 Rxa4 30. Na1 b3 31. Nxc2 bxc2 32. Bb2 Ba3 33. Bc1 Bxc1 0-1

[Event "ch-ESP Women 2015"]
[Site "Linares ESP"]
[Date "2015.08.16"]
[Round "3.1"]
[White "Hernandez Estevez, Yudania"]
[Black "Vega Gutierrez, Sabrina"]
[Result "1/2-1/2"]
[WhiteTitle "WIM"]
[BlackTitle "IM"]
[WhiteElo "2163"]
[BlackElo "2381"]
[WhiteFideId "2219344"]
[BlackFideId "2219026"]
[EventDate "2015.08.15"]

1. e4 c5 2. Nf3 Nc6 3. Bb5 e6 4. O-O Nge7 5. c3 d5 6. exd5 Qxd5 7. d4 cxd4 8. c4
Qd6 9. Nxd4 Bd7 10. Nxc6 Qxd1 11. Rxd1 Bxc6 12. Nc3 a6 13. Ba4 Rc8 14. Be3 Nf5
15. Bb6 Be7 16. b3 Bb4 17. Rac1 Ke7 18. Rd3 Bxc3 19. Rcxc3 Bxa4 20. bxa4 Rc6 21.
c5 Rhc8 22. g3 Ke8 23. Rb3 Ne7 24. Ba7 R6c7 25. Rb1 Ra8 26. Bb6 Rd7 27. Rd6 Nc8
28. Rxd7 Kxd7 29. Rd1+ Kc6 30. a5 Nxb6 31. cxb6 Re8 32. a4 Re7 33. Rc1+ Kd7 34.
Kg2 e5 35. Kf3 f5 36. h4 h5 37. Ke3 Ke6 38. Rc8 Rf7 39. Kd3 Rd7+ 40. Ke3 Rf7 41.
Rh8 g6 42. Rg8 Kf6 43. Rd8 Ke7 44. Rg8 Kf6 45. Kd3 Rd7+ 46. Kc3 Kf7 47. Rc8 Ke6
48. Rg8 Kf7 49. Rh8 Ke6 1/2-1/2

[Event "ch-ESP Women 2015"]
[Site "Linares ESP"]
[Date "2015.08.16"]
[Round "3.2"]
[White "Matnadze, Ana"]
[Black "Collazo Hidalgo-Gato, Niala"]
[Result "1-0"]
[WhiteTitle "IM"]
[BlackTitle "WIM"]
[WhiteElo "2368"]
[BlackElo "2261"]
[WhiteFideId "13601377"]
[BlackFideId "3504476"]
[EventDate "2015.08.15"]

1. d4 Nf6 2. Nf3 g6 3. g3 Bg7 4. Bg2 O-O 5. O-O d6 6. c4 Nbd7 7. Nc3 e5 8. h3
Re8 9. e4 exd4 10. Nxd4 Nc5 11. Re1 a5 12. Qc2 c6 13. Bf4 Nfd7 14. Rad1 Ne5 15.
Nb3 Nxb3 16. axb3 g5 17. Bxe5 Bxe5 18. Qd2 Qf6 19. Rf1 Qg7 20. f4 gxf4 21. gxf4
Bf6 22. Rf3 Kh8 23. Ne2 Rxe4 24. Rg3 Rxe2 25. Qxd6 Bg4 26. Rxg4 Qh6 27. Qc7 Rae8
28. Qxb7 Bxb2 29. Qxf7 Qe6 30. Qxe6 R2xe6 31. Rd7 Rg8 32. Kf2 Rxg4 33. hxg4 Rf6
34. Kg3 Bc1 35. f5 c5 36. Rb7 Bd2 37. Bd5 Rf8 38. Rb5 Rc8 39. Be6 Rc7 40. f6 1-0

[Event "ch-ESP Women 2015"]
[Site "Linares ESP"]
[Date "2015.08.16"]
[Round "3.3"]
[White "Nicolas Zapata, Irene"]
[Black "Vega Gutierrez, Belinda"]
[Result "1-0"]
[WhiteTitle "WIM"]
[BlackTitle "WIM"]
[WhiteElo "2203"]
[BlackElo "2149"]
[WhiteFideId "22247270"]
[BlackFideId "2229994"]
[EventDate "2015.08.15"]

1. Nf3 d5 2. d4 c6 3. c4 e6 4. e3 f5 5. Bd3 Nf6 6. O-O Bd6 7. b3 Qe7 8. a4 b6 9.
Ba3 c5 10. Nc3 cxd4 11. Bxd6 Qxd6 12. Nb5 Qd8 13. cxd5 Nxd5 14. e4 fxe4 15. Bxe4
Na6 16. Nbxd4 Nc5 17. Nc6 Qd6 18. Bxd5 exd5 19. Re1+ Ne6 20. Rc1 O-O 21. Qxd5
Qxd5 22. Ne7+ Kh8 23. Nxd5 Bb7 24. Nxb6 Bxf3 25. gxf3 Nd4 26. Nxa8 Nxf3+ 27. Kg2
Nxe1+ 28. Rxe1 Rxa8 29. b4 h6 30. Re7 a6 31. Rb7 Rc8 32. Rb6 Rc4 33. a5 h5 34.
Kf3 Kh7 35. Ke3 h4 36. f4 h3 37. Kf3 Rd4 38. f5 Rc4 39. Kg3 Rc3+ 40. Kg4 Rb3 41.
Rxa6 Rxb4+ 42. Kxh3 Rf4 43. Rb6 Rxf5 44. a6 Ra5 45. Kg4 Ra2 46. h4 Ra4+ 47. Kg5
Ra5+ 48. Kf4 Ra4+ 49. Ke5 Rxh4 50. Kd6 Rc4 51. Rc6 Ra4 52. Kc7 g6 53. Kb7 Kh6
54. a7 Rxa7+ 55. Kxa7 Kh5 56. Kb6 g5 57. Kc5 Kg4 58. Kd4 Kf3 59. Rf6+ Kg3 60.
Ke3 g4 61. Rg6 1-0

[Event "ch-ESP Women 2015"]
[Site "Linares ESP"]
[Date "2015.08.16"]
[Round "3.4"]
[White "Perera Borrego, Mariela"]
[Black "Garcia Rodriguez, Sara"]
[Result "1-0"]
[WhiteTitle "WFM"]
[WhiteElo "2139"]
[BlackElo "1953"]
[WhiteFideId "22238255"]
[BlackFideId "2200384"]
[EventDate "2015.08.15"]

1. d4 Nf6 2. c4 g6 3. Nc3 Bg7 4. e4 d6 5. Nf3 O-O 6. h3 c5 7. d5 e6 8. Bd3 exd5
9. cxd5 Re8 10. O-O a6 11. a4 Qc7 12. Bf4 Nbd7 13. Qd2 Nh5 14. Bh6 Ne5 15. Nxe5
Bxe5 16. f4 Bg7 17. Bxg7 Nxg7 18. f5 Re5 19. Rf3 Bd7 20. Raf1 Rf8 21. Nd1 Bxa4
22. Ne3 Ne8 23. Ng4 Re7 24. fxg6 hxg6 25. e5 dxe5 26. Bxg6 f6 27. Bxe8 Rexe8 28.
Nxf6+ 1-0

[Event "ch-ESP Women 2015"]
[Site "Linares ESP"]
[Date "2015.08.17"]
[Round "4.1"]
[White "Vega Gutierrez, Sabrina"]
[Black "Matnadze, Ana"]
[Result "1/2-1/2"]
[WhiteTitle "IM"]
[BlackTitle "IM"]
[WhiteElo "2381"]
[BlackElo "2368"]
[WhiteFideId "2219026"]
[BlackFideId "13601377"]
[EventDate "2015.08.15"]

1. d4 d6 2. Nf3 g6 3. g3 Bg7 4. Bg2 e5 5. c4 Nc6 6. d5 Nce7 7. Nc3 h6 8. O-O Nf6
9. e4 O-O 10. Ne1 Nd7 11. Nd3 f5 12. f4 Kh7 13. Kh1 b6 14. a4 a5 15. Be3 Ba6 16.
Nb5 fxe4 17. Bxe4 Nf6 18. Bg2 Bxb5 19. axb5 Nf5 20. Re1 h5 21. Bh3 Nxe3 22. Rxe3
Bh6 23. Qe2 Re8 24. Rf1 a4 25. fxe5 Bxe3 26. Qxe3 a3 27. bxa3 Qe7 28. Qf4 dxe5
29. Qxf6 Qxf6 30. Rxf6 Rxa3 31. Re6 Rf8 32. Nxe5 Ra1+ 33. Kg2 Ra2+ 34. Kg1 Ra1+
35. Kg2 Ra2+ 1/2-1/2

[Event "ch-ESP Women 2015"]
[Site "Linares ESP"]
[Date "2015.08.17"]
[Round "4.2"]
[White "Hernandez Estevez, Yudania"]
[Black "Nicolas Zapata, Irene"]
[Result "1/2-1/2"]
[WhiteTitle "WIM"]
[BlackTitle "WIM"]
[WhiteElo "2163"]
[BlackElo "2203"]
[WhiteFideId "2219344"]
[BlackFideId "22247270"]
[EventDate "2015.08.15"]

1. e4 c5 2. Nf3 Nc6 3. d4 cxd4 4. Nxd4 e5 5. Nb5 d6 6. N1c3 a6 7. Na3 b5 8. Nd5
Nf6 9. Bg5 Be7 10. Bxf6 Bxf6 11. c3 Bg5 12. Nc2 Ne7 13. a4 bxa4 14. Ncb4 O-O 15.
Rxa4 Nxd5 16. Nxd5 Be6 17. Bc4 Rb8 18. Ra2 a5 19. O-O Qc8 20. Qe2 Bxd5 21. Bxd5
Bd8 22. f4 exf4 23. Rxf4 Kh8 24. Ra1 Qc5+ 25. Kh1 Qb5 26. Qf3 Qxb2 27. Rf1 f5
28. Rxf5 Rxf5 29. Qxf5 Bf6 30. e5 dxe5 31. Be4 Kg8 32. Qxh7+ Kf7 33. h4 Qxc3 34.
h5 Qg3 35. Rc1 Qh4+ 36. Kg1 Qg5 37. Bd5+ Ke7 38. Qc2 Qe3+ 39. Kh1 Rd8 40. Bf3
Qd4 41. Qf5 Qh4+ 42. Kg1 Qd4+ 43. Kh1 Qh4+ 44. Kg1 Qd4+ 1/2-1/2

[Event "ch-ESP Women 2015"]
[Site "Linares ESP"]
[Date "2015.08.17"]
[Round "4.3"]
[White "Collazo Hidalgo-Gato, Niala"]
[Black "Kolotilina, Liudmila"]
[Result "1-0"]
[WhiteTitle "WIM"]
[WhiteElo "2261"]
[BlackElo "2135"]
[WhiteFideId "3504476"]
[BlackFideId "32099568"]
[EventDate "2015.08.15"]

1. e4 e6 2. d4 d5 3. Nd2 Be7 4. Ngf3 Nf6 5. e5 Nfd7 6. Bd3 c5 7. c3 Nc6 8. O-O
a5 9. Re1 a4 10. Nf1 a3 11. dxc5 axb2 12. Bxb2 Nxc5 13. Bc2 b6 14. Ng3 Qc7 15.
Qd2 Na5 16. Qd4 Bb7 17. Qg4 g6 18. h4 Nc4 19. Bc1 Nd7 20. Qf4 O-O 21. Qh6 Ncxe5
22. Nxe5 Qxc3 23. Bd2 Qxc2 24. Nxd7 Rfd8 25. Rac1 Qxa2 26. Bc3 Bc8 27. Ra1 1-0

[Event "ch-ESP Women 2015"]
[Site "Linares ESP"]
[Date "2015.08.17"]
[Round "4.4"]
[White "Riera Morilla, Elizabeth"]
[Black "Perera Borrego, Mariela"]
[Result "0-1"]
[BlackTitle "WFM"]
[WhiteElo "1963"]
[BlackElo "2139"]
[WhiteFideId "2281813"]
[BlackFideId "22238255"]
[EventDate "2015.08.15"]

1. e4 d6 2. d4 Nf6 3. Nc3 e5 4. Nf3 Nbd7 5. Bc4 Be7 6. O-O O-O 7. a4 a5 8. h3 c6
9. Ba2 exd4 10. Qxd4 Nc5 11. Rd1 Be6 12. Be3 Nfd7 13. Qd2 Bxa2 14. Rxa2 f5 15.
exf5 Rxf5 16. Ne2 Ne4 17. Qc1 Qf8 18. Ned4 Rf6 19. c4 c5 20. Nb5 Rxf3 21. gxf3
Qxf3 22. Nc3 Nxc3 23. bxc3 Ne5 24. Qd2 Qxh3 25. Qd5+ Kh8 26. Qg2 Qxg2+ 27. Kxg2
Nxc4 28. Rb1 b6 29. Bf4 Kg8 30. Re2 Kf7 31. Rd1 Rd8 32. Rd5 g6 33. Re4 b5 34.
axb5 Nb6 35. Rd1 Rd7 36. Bh6 g5 37. Rde1 Nd5 38. c4 Nf4+ 39. Kf3 Bf6 40. Kg4 Kg6
41. Rh1 Nd3 42. Rh2 Be5 0-1

[Event "ch-ESP Women 2015"]
[Site "Linares ESP"]
[Date "2015.08.18"]
[Round "5.1"]
[White "Matnadze, Ana"]
[Black "Hernandez Estevez, Yudania"]
[Result "1/2-1/2"]
[WhiteTitle "IM"]
[BlackTitle "WIM"]
[WhiteElo "2368"]
[BlackElo "2163"]
[WhiteFideId "13601377"]
[BlackFideId "2219344"]
[EventDate "2015.08.15"]

1. Nf3 d5 2. d4 Nf6 3. g3 Bf5 4. Bg2 e6 5. O-O Be7 6. c4 c6 7. Nbd2 h6 8. b3 O-O
9. Bb2 Nbd7 10. Ne5 a5 11. a3 Qb6 12. Nxd7 Nxd7 13. e4 dxe4 14. Nxe4 Nf6 15. Nc3
Rfd8 16. Na4 Qc7 17. Qe2 Re8 18. Rac1 Rad8 19. Rfd1 Bg4 20. f3 Bf5 21. f4 Bg4
22. Bf3 Bxf3 23. Qxf3 Nd7 24. d5 Bf6 25. d6 Qb8 26. Bxf6 Nxf6 27. c5 Nd5 28. Re1
b6 29. cxb6 Nxb6 30. Rxc6 Nxa4 31. bxa4 Rxd6 32. Rxd6 Qxd6 33. Qc3 Rb8 34. Qe5
Qb6+ 35. Kg2 Rd8 36. Qc3 Qb7+ 37. Kf2 Rc8 38. Qxa5 Qb2+ 39. Re2 Qd4+ 40. Kg2 g6
41. Rd2 Qe4+ 42. Kf2 Rc1 43. Qe5 Qa8 44. Qf6 Rc8 45. Rd7 Rf8 46. Qd4 h5 47. h4
Rc8 48. Qf6 Rf8 49. Qd4 Qb8 50. a5 Rc8 51. Qb6 Qa8 52. a6 Qh1 53. Rd8+ Rxd8 54.
Qxd8+ Kh7 55. Qd3 Qh2+ 56. Ke1 Qg1+ 57. Kd2 Qc5 58. Ke2 Qb6 59. Kf3 Qc6+ 60. Ke3
Qb6+ 61. Ke4 Qc6+ 62. Kd4 Qd6+ 63. Ke3 Qc6 64. Kd2 Qc5 65. Ke2 Qb6 66. a4 Qb2+
67. Kf3 Qa1 68. Qb5 Qc3+ 69. Kg2 Qc2+ 70. Kh3 Qd1 71. Qb7 Qg4+ 72. Kh2 Qe2+ 73.
Kg1 Qe1+ 74. Kg2 Qe2+ 75. Kh3 Qg4+ 76. Kh2 Qe2+ 77. Kg1 Kg8 1/2-1/2

[Event "ch-ESP Women 2015"]
[Site "Linares ESP"]
[Date "2015.08.18"]
[Round "5.2"]
[White "Nicolas Zapata, Irene"]
[Black "Vega Gutierrez, Sabrina"]
[Result "0-1"]
[WhiteTitle "WIM"]
[BlackTitle "IM"]
[WhiteElo "2203"]
[BlackElo "2381"]
[WhiteFideId "22247270"]
[BlackFideId "2219026"]
[EventDate "2015.08.15"]

1. Nf3 d5 2. d4 c6 3. c4 e6 4. g3 dxc4 5. Bg2 b5 6. Ne5 Bb7 7. a4 f6 8. Nf3 Na6
9. O-O Nc7 10. Nc3 Ne7 11. e4 b4 12. Ne2 c5 13. Qc2 b3 14. Qb1 cxd4 15. Nfxd4 e5
16. Nb5 Nc6 17. Be3 Nxb5 18. axb5 Nd4 19. Nxd4 exd4 20. Rd1 Bc5 21. Qc1 Qb6 22.
Bd2 c3 23. bxc3 Qxb5 24. Qb2 dxc3 25. Bxc3 O-O 26. Rdb1 Rae8 27. Ra5 Qb6 28.
Qxb3+ Qxb3 29. Rxb3 Bb6 30. Ra4 Rc8 31. h4 Bc6 32. Rc4 Bd7 33. Rxc8 Rxc8 34. Bd2
Rc2 35. Be3 Be6 36. Ra3 Bxe3 37. fxe3 Ra2 38. Rc3 a5 39. Rc6 Kf7 40. Bf1 Ra1 41.
Kf2 a4 42. Rc7+ Kf8 43. Rc6 Ke7 44. Rc7+ Kd6 45. Rxg7 a3 46. Ra7 a2 47. Ra6+ Kc5
48. Be2 Rb1 0-1

[Event "ch-ESP Women 2015"]
[Site "Linares ESP"]
[Date "2015.08.18"]
[Round "5.3"]
[White "Perera Borrego, Mariela"]
[Black "Collazo Hidalgo-Gato, Niala"]
[Result "1/2-1/2"]
[WhiteTitle "WFM"]
[BlackTitle "WIM"]
[WhiteElo "2139"]
[BlackElo "2261"]
[WhiteFideId "22238255"]
[BlackFideId "3504476"]
[EventDate "2015.08.15"]

1. d4 d5 2. c4 c6 3. cxd5 cxd5 4. Nc3 Nf6 5. Bf4 Nc6 6. e3 Bf5 7. Qb3 Qb6 8.
Qxb6 axb6 9. Bb5 e6 10. Nge2 Be7 11. O-O h5 12. Rfc1 Rc8 13. Bg5 Nd7 14. Bxe7
Kxe7 15. Na4 Rc7 16. Rc3 Ra8 17. b4 f6 18. Rac1 h4 19. f3 g5 20. a3 Rac8 21. Kf2
Kd6 22. Nb2 Na7 23. Bxd7 Kxd7 24. Na4 Rxc3 25. Nexc3 Rc6 26. e4 dxe4 27. fxe4
Bxe4 28. Nxb6+ Rxb6 29. Nxe4 f5 30. Nxg5 Nb5 31. d5 e5 32. a4 Nd4 33. b5 Kd6 34.
Rc8 Kxd5 35. Rh8 e4 36. Rxh4 Kc4 37. Ke3 Nc2+ 38. Kf4 Kd4 39. Rh7 e3 40. Rd7+
Kc4 41. Kxf5 e2 42. Nf3 Ne3+ 43. Ke5 Nxg2 44. h4 Kb4 45. Rd4+ Kc3 46. Rg4 e1=Q+
47. Nxe1 Nxe1 48. Kf5 Nc2 49. Rg7 Nd4+ 50. Kg4 Kb4 51. h5 Kxa4 52. Rg6 Rxg6+ 53.
hxg6 Ne6 54. Kf5 Ng7+ 55. Kf6 Nh5+ 56. Kg5 Ng7 57. Kf6 Nh5+ 58. Ke5 1/2-1/2

[Event "ch-ESP Women 2015"]
[Site "Linares ESP"]
[Date "2015.08.18"]
[Round "5.4"]
[White "Garcia Vicente, Nieves"]
[Black "Collado Barbas, Laura"]
[Result "1-0"]
[WhiteTitle "WIM"]
[BlackTitle "WFM"]
[WhiteElo "2192"]
[BlackElo "2137"]
[WhiteFideId "2201542"]
[BlackFideId "2294907"]
[EventDate "2015.08.15"]

1. d4 e6 2. Nf3 f5 3. g3 Nf6 4. Bg2 d5 5. c4 c6 6. O-O Bd6 7. Bf4 Be7 8. Nc3 O-O
9. Ne5 b6 10. Qc2 Bb7 11. cxd5 Nxd5 12. Rad1 Qe8 13. Bc1 Bd6 14. e4 Nb4 15. Qb3
Bxe5 16. dxe5 N4a6 17. exf5 Nc5 18. Qc2 exf5 19. b4 Ne6 20. f4 Na6 21. Qb3 Kh8
22. Nb5 Qe7 23. Nd6 Nd8 24. a3 Rb8 25. Qd3 g6 26. Bb2 Ne6 27. Nxb7 Qxb7 28. Qd6
Qf7 29. Bxc6 Rbd8 30. Qxd8 1-0

[Event "ch-ESP Women 2015"]
[Site "Linares ESP"]
[Date "2015.08.18"]
[Round "6.1"]
[White "Vega Gutierrez, Sabrina"]
[Black "Garcia Vicente, Nieves"]
[Result "1/2-1/2"]
[WhiteTitle "IM"]
[BlackTitle "WIM"]
[WhiteElo "2381"]
[BlackElo "2192"]
[WhiteFideId "2219026"]
[BlackFideId "2201542"]
[EventDate "2015.08.15"]

1. e4 e5 2. Bc4 Nf6 3. d3 c6 4. Nf3 d5 5. Bb3 Bd6 6. exd5 Nxd5 7. O-O O-O 8. Re1
Nd7 9. Nbd2 Re8 10. Nc4 Bc7 11. Bg5 f6 12. Bh4 Nf8 13. d4 exd4 14. Nxd4 Rxe1+
15. Qxe1 Kh8 16. Qe4 Bd7 17. Bg3 Bxg3 18. hxg3 Qc7 19. Re1 Rd8 20. Re2 Qb8 21.
Qf3 Re8 22. Rxe8 Bxe8 23. Nf5 Bf7 24. Nce3 Nxe3 25. Bxf7 Nxf5 26. Qxf5 Qc7 27.
Bc4 Qe7 28. a4 Nd7 29. Kf1 g6 30. Qe6 Qxe6 31. Bxe6 Nc5 32. Bc8 b6 33. b4 Nxa4
34. Bd7 Nc3 35. Bxc6 Na2 36. b5 Nb4 37. c3 Nd3 38. Ke2 Nc5 39. Ke3 Kg7 40. Kd4
Kf7 41. Bd5+ Ke7 42. Bg8 Kf8 43. Bc4 Ke7 44. Bg8 Kf8 45. Ba2 Ke7 46. Bg8 1/2-1/2

[Event "ch-ESP Women 2015"]
[Site "Linares ESP"]
[Date "2015.08.18"]
[Round "6.2"]
[White "Perera Borrego, Mariela"]
[Black "Matnadze, Ana"]
[Result "1-0"]
[WhiteTitle "WFM"]
[BlackTitle "IM"]
[WhiteElo "2139"]
[BlackElo "2368"]
[WhiteFideId "22238255"]
[BlackFideId "13601377"]
[EventDate "2015.08.15"]

1. d4 c6 2. c4 g6 3. Nc3 Bg7 4. e4 d6 5. h3 Nh6 6. g4 f6 7. Be3 Nf7 8. Be2 e5 9.
d5 f5 10. gxf5 gxf5 11. exf5 Bxf5 12. Bg4 Qd7 13. Bxf5 Qxf5 14. Qg4 Qxg4 15.
hxg4 Nd7 16. Nge2 Nb6 17. b3 Nc8 18. O-O-O Ne7 19. Ng3 h6 20. Nh5 Rg8 21. Ne4
O-O-O 22. Bxa7 Kc7 23. Be3 Bh8 24. f3 b5 25. dxc6 bxc4 26. bxc4 Kxc6 27. Rh2 Rb8
28. Rhd2 Rgd8 29. Rc2 Rb4 30. Bd2 Ra4 31. Nhf6 Bxf6 32. Nxf6 Rb8 33. Ne4 Nc8 34.
Be3 Ra3 35. Kd2 Rba8 36. Nc3 Ng5 37. Ke2 Ne6 38. Nd5 R8a4 39. Rd3 Ng5 40. Rxa3
Rxa3 41. Rb2 Ra4 42. Rc2 Ne6 43. Kd3 Nc5+ 44. Kd2 Ne6 45. Kd3 Nc5+ 46. Bxc5 dxc5
47. Rh2 Nd6 48. Rxh6 Rxa2 49. Nc3 Ra3 50. Kc2 Kc7 51. Rxd6 1-0